Statistics for Every NBA Finals Winner and Runner-Up

Click here to take the quiz!

General Stats

  • This quiz has been taken 317 times
    (52 since last reset)
  • The average score is 80 of 142

Answer Stats

YearTeam% Correct
2020 WinnerLos Angeles Lakers
100%
2020 LoserMiami Heat
100%
2019 WinnerToronto Raptors
98%
2018 WinnerGolden State Warriors
95%
2018 LoserCleveland Cavaliers
93%
2017 WinnerGolden State Warriors
93%
2017 LoserCleveland Cavaliers
93%
2016 WinnerCleveland Cavaliers
93%
2016 LoserGolden State Warriors
93%
2015 WinnerGolden State Warriors
93%
2015 LoserCleveland Cavaliers
93%
2014 WinnerSan Antonio Spurs
93%
2019 LoserGolden State Warriors
93%
2011 WinnerDallas Mavericks
90%
2012 WinnerMiami Heat
90%
2013 LoserSan Antonio Spurs
90%
2013 WinnerMiami Heat
90%
2014 LoserMiami Heat
90%
2011 LoserMiami Heat
88%
2010 WinnerLos Angeles Lakers
88%
2010 LoserBoston Celtics
88%
2009 WinnerLos Angeles Lakers
88%
2008 WinnerBoston Celtics
88%
2008 LoserLos Angeles Lakers
88%
2012 LoserOklahoma City Thunder
86%
2007 WinnerSan Antonio Spurs
81%
2006 WinnerMiami Heat
81%
2004 WinnerDetroit Pistons
76%
2000 WinnerLos Angeles Lakers
76%
2001 WinnerLos Angeles Lakers
76%
2003 WinnerSan Antonio Spurs
76%
2002 WinnerLos Angeles Lakers
76%
2005 WinnerSan Antonio Spurs
76%
2002 LoserNew Jersey Nets
74%
1998 LoserUtah Jazz
74%
2006 LoserDallas Mavericks
74%
2009 LoserOrlando Magic
74%
1999 WinnerSan Antonio Spurs
74%
1998 WinnerChicago Bulls
74%
1991 WinnerChicago Bulls
71%
1992 WinnerChicago Bulls
71%
1993 WinnerChicago Bulls
71%
1995 WinnerHouston Rockets
71%
1996 WinnerChicago Bulls
71%
1997 LoserUtah Jazz
71%
2005 LoserDetroit Pistons
71%
1997 WinnerChicago Bulls
71%
2001 LoserPhiladelphia 76ers
71%
1994 WinnerHouston Rockets
71%
1991 LoserLos Angeles Lakers
69%
1989 WinnerDetroit Pistons
69%
1986 WinnerBoston Celtics
69%
1988 WinnerLos Angeles Lakers
69%
1990 WinnerDetroit Pistons
69%
2007 LoserCleveland Cavaliers
69%
1995 LoserOrlando Magic
69%
2004 LoserLos Angeles Lakers
69%
1994 LoserNew York Knicks
67%
1987 LoserBoston Celtics
67%
1987 WinnerLos Angeles Lakers
67%
1996 LoserSeattle SuperSonics
67%
2003 LoserNew Jersey Nets
67%
1989 LoserLos Angeles Lakers
64%
1993 LoserPhoenix Suns
62%
1992 LoserPortland Trailblazers
62%
1999 LoserNew York Knicks
60%
1988 LoserDetroit Pistons
60%
2000 LoserIndiana Pacers
57%
1984 WinnerBoston Celtics
57%
1981 WinnerBoston Celtics
55%
1982 WinnerLos Angeles Lakers
55%
1983 WinnerPhiladelphia 76ers
55%
1985 LoserBoston Celtics
55%
1985 WinnerLos Angeles Lakers
55%
1984 LoserLos Angeles Lakers
52%
1982 LoserPhiladelphia 76ers
52%
1983 LoserLos Angeles Lakers
50%
1990 LoserPortland Trailblazers
50%
1980 WinnerLos Angeles Lakers
50%
1966 WinnerBoston Celtics
48%
1963 WinnerBoston Celtics
45%
1976 WinnerBoston Celtics
45%
1965 WinnerBoston Celtics
45%
1964 WinnerBoston Celtics
45%
1979 WinnerSeattle SuperSonics
45%
1969 WinnerBoston Celtics
45%
1980 LoserPhiladelphia 76ers
45%
1968 WinnerBoston Celtics
45%
1962 WinnerBoston Celtics
43%
1961 WinnerBoston Celtics
43%
1960 WinnerBoston Celtics
43%
1959 WinnerBoston Celtics
43%
1970 WinnerNew York Knicks
43%
1974 WinnerBoston Celtics
43%
1952 WinnerMinneapolis Lakers
40%
1978 WinnerWashington Bullets
40%
1977 WinnerPortland Trailblazers
40%
1953 WinnerMinneapolis Lakers
40%
1957 WinnerBoston Celtics
40%
1954 WinnerMinneapolis Lakers
40%
1986 LoserHouston Rockets
40%
1972 WinnerLos Angeles Lakers
40%
1973 WinnerNew York Knicks
40%
1967 WinnerPhiladelphia 76ers
38%
1975 WinnerGolden State Warriors
38%
1950 WinnerMinneapolis Lakers
38%
1981 LoserHouston Rockets
36%
1979 LoserWashington Bullets
36%
1958 WinnerSt. Louis Hawks
36%
1963 LoserLos Angeles Lakers
36%
1978 LoserSeattle SuperSonics
36%
1977 LoserPhiladelphia 76ers
36%
1965 LoserLos Angeles Lakers
36%
1966 LoserLos Angeles Lakers
36%
1970 LoserLos Angeles Lakers
36%
1971 WinnerMilwaukee Bucks
36%
1962 LoserLos Angeles Lakers
33%
1968 LoserLos Angeles Lakers
31%
1975 LoserWashington Bullets
31%
1969 LoserLos Angeles Lakers
31%
1956 WinnerPhiladelphia Warriors
31%
1959 LoserMinneapolis Lakers
31%
1973 LoserLos Angeles Lakers
31%
1964 LoserSan Francisco Warriors
29%
1972 LoserNew York Knicks
29%
1958 LoserBoston Celtics
29%
1951 WinnerRochester Royals
29%
1967 LoserSan Francisco Warriors
26%
1976 LoserPhoenix Suns
26%
1974 LoserMilwaukee Bucks
24%
1955 WinnerSyracuse Nationals
21%
1960 LoserSt. Louis Hawks
21%
1957 LoserSt. Louis Hawks
19%
1961 LoserSt. Louis Hawks
19%
1953 LoserNew York Knicks
19%
1971 LoserWashington Bullets
19%
1952 LoserNew York Knicks
19%
1954 LoserSyracuse Nationals
17%
1951 LoserNew York Knicks
17%
1956 LoserFort Wayne Pistons
14%
1955 LoserFort Wayne Pistons
14%
1950 LoserSyracuse Nationals
14%

Score Distribution

Percentile by Number Answered

Percent of People with Each Score

Your Score History

You have not taken this quiz since the last reset